| 000 | 00497nam a2200181Ia 4500 | ||
|---|---|---|---|
| 003 | GCL | ||
| 008 | 140319s9999 xx 000 0 eng d | ||
| 040 |
_aGCL / _cGCL |
||
| 082 | 0 | 4 |
_a745.4 _bP R |
| 100 | 1 | _aPHILLIPS, PETER | |
| 245 | 1 | 0 |
_aREPEAT PATTERNS: A MANUAL FOR DESIGNERS, ARTISTS AND ARCHITECTS / _cPHILLIPS, PETER |
| 700 | 1 | _aBUNCE, GILLIAN | |
| 260 |
_a[S.N] : _bTHAMES AND HUDSON ، _c1993 |
||
| 300 | _a192 | ||
| 650 | 0 | 4 | _aPATTERNS |
| 650 | 0 | 4 | _aREPEAT PATTERNS |
| 942 |
_2ddc _cBK |
||
| 999 |
_c24376 _d24376 |
||